Statistics for Flags of Random Historical Countries

Click here to take the quiz!

General Stats

  • This quiz has been taken 443 times
  • The average score is 6 of 12

Answer Stats

Answer% Correct
Austria-Hungary
100%
Confederate States
100%
Korea
100%
Soviet Union
100%
Papal States
95%
Yugoslavia
94%
Byzantine Empire
89%
California
89%
Holy Roman Empire
86%
Prussia
83%
Texas
83%
Hawaii
82%
Ottoman Empire
81%
Tibet
81%
East Germany
80%
Mongol Empire
76%
Vichy France
73%
Sokoto Caliphate
71%
Mamluk Sultanate
69%
Qing Dynasty
69%
Zaire
67%
Polish-Lithuanian Commonwealth
65%
Formosa
60%
Gran Colombia
58%
Kalmar Union
57%
South Vietnam
56%
South Yemen
55%
Manchukuo
54%
Rapa Nui
53%
Mali Federation
50%
Sweden and Norway
50%
Wallachia
50%
Sardinia
48%
Biafra
47%
Crimea
47%
Mughal Empire
47%
Transvaal
47%
Tuva
46%
Danzig
45%
Venice
45%
Rhodesia
42%
Moldavia
40%
Orange Free State
37%
Acre
36%
Batavian Republic
36%
Bavaria
36%
Hejaz
36%
Newfoundland
36%
Central America
33%
North Yemen
33%
Iroquois
30%
Zanzibar
30%
Sicily
29%
Yucatan
29%
Chechnya
25%
Cherokee
22%
Sulu
21%
Malayan Union
19%
Maratha Empire
19%
Bornu Empire
17%
Rif
17%
Mengjiang
16%
Crete
14%
Jabal Shammar
9%
Bophuthatswana
6%
Ciskei
6%
Muskogee
6%
New Granada
6%
Venda
6%
Transkei
0%

Score Distribution

Percentile by Number Answered

Percent of People with Each Score

Your Score History

You have not taken this quiz